Pueblos de la Provincia de Castellón - Estadísticas

Estadísticas generales
  • Esta prueba ha sido intentada 2.917 veces
  • La puntuación promedio es 48 de 135
Estadísticas de respuestas
Respuesta % Correcto
Benicàssim
88%
Castelló
87%
Vila-real
87%
Borriana
85%
Almassora
81%
Onda
80%
Vinaròs
80%
Benicarló
79%
Morella
79%
Nules
77%
Peníscola
75%
Orpesa
71%
L'Alcora
69%
Almenara
66%
Borriol
66%
Torreblanca
65%
Cabanes
63%
La Vall d'Uixó
63%
Segorbe
62%
Moncofa
60%
Vall d'Alba
58%
Xilxes
58%
Montán
57%
Vilafamés
57%
Betxí
56%
Alcalà de Xivert
54%
Artana
54%
Montanejos
54%
Vilafranca
54%
Aín
52%
Albocàsser
52%
Benasal
52%
Catí
51%
Les Alqueries
51%
Sant Mateu
50%
Lucena del Cid
47%
Culla
45%
Tírig
44%
Vistabella del Maestrazgo
44%
Benlloch
43%
Fanzara
42%
La Vilavella
42%
Eslida
41%
Xodos
41%
Sant Joan de Moró
40%
Altura
39%
Ares del Maestre
39%
Atzeneta del Maestrat
39%
Xert
39%
Les Coves de Vinromà
38%
Tales
37%
Villahermosa del Río
37%
Càlig
35%
La Salzadella
35%
Navajas
35%
Ribesalbes
35%
Zucaina
35%
Cinctorres
34%
Forcall
33%
Jérica
33%
La Llosa
33%
Les Useres
33%
Suera
33%
Ayódar
32%
Benafigos
32%
Cirat
32%
Figueroles
32%
Viver
32%
Alcudia de Veo
30%
Argelita
30%
La Jana
29%
Traiguera
29%
Alfondeguilla
28%
Sant Jordi
28%
Soneja
28%
Zorita del Maestrazgo
28%
Costur
27%
Castellfort
26%
Caudiel
26%
Chóvar
26%
Cortes de Arenoso
26%
El Toro
26%
Fuentes de Ayódar
25%
Ludiente
25%
Barracas
24%
Castell de Cabres
24%
Canet lo Roig
23%
La Mata
23%
Santa Magdalena de Pulpis
23%
Toga
23%
Vilanova d'Alcolea
23%
Bejís
22%
Espadilla
22%
Torrechiva
22%
Arañuel
21%
Castillo de Villamalefa
21%
Rossell
21%
Vilar de Canes
21%
Portell de Morella
20%
Castellnovo
19%
La Pobla de Tornesa
19%
Olocau del Rey
19%
La Torre d'en Doménec
18%
Teresa
18%
Todolella
18%
Vallat
18%
Villamalur
18%
Cervera del Maestre
17%
Geldo
17%
Herbés
17%
Palanques
17%
Vallibona
17%
Almedíjar
16%
Azuébar
16%
La Pobla de Benifassà
16%
San Rafael del Río
16%
Sarratella
16%
Sot de Ferrer
16%
Torralba del Pinar
16%
Gaibiel
15%
La Torre d'En Besora
15%
Matet
15%
Puebla de Arenoso
15%
Villores
15%
Higueras
14%
Algimia de Almonacid
13%
Pina de Montalgrao
13%
Torás
13%
Pavías
12%
Villanueva de Viver
12%
Benafer
11%
Fuente la Reina
11%
Sierra Engarcerán
11%
Vall de Almonacid
9%
Sacañet
8%
No se encontraron pruebas coincidentes
Distribución de puntuación
Porcentaje de gente con cada puntuación
Porcentaje por número respondido
Historial de tus puntuaciones
No has intentado esta prueba.